El antecedente hispánico en la literatura oral del caribe colombiano
Gorde:
| Egile nagusia: | |
|---|---|
| Formatua: | Ezezaguna |
| Argitaratua: |
San José, Costa Rica:
Porvenir,
|
| Gaiak: | |
| Etiketak: |
Etiketa erantsi
Etiketarik gabe, Izan zaitez lehena erregistro honi etiketa jartzen!
|
MARC
| LEADER | 000000000a22000000004500 | ||
|---|---|---|---|
| 001 | 001704 | ||
| 022 | |a 0804-7383 | ||
| 041 | 0 | |a español | |
| 092 | 0 | |a Revista Noruega de Estudios Latinoamericanos | |
| 100 | 1 | |a Posada de Quintero, Consuelo | |
| 245 | 1 | 3 | |a El antecedente hispánico en la literatura oral del caribe colombiano |
| 260 | |a San José, Costa Rica: |b Porvenir, | ||
| 650 | 4 | |a LITERATURA COLOMBIANA | |
| 650 | 4 | |a REGION DEL CARIBE | |
| 773 | 0 | |t Revista Noruega de Estudios Latinoamericanos. Corriente del Golfo | |
| 773 | 0 | |g número 3-4 (1998) | |
| 773 | 0 | |g 1970-? | |
| 773 | 0 | |g 317-332 páginas | |
| 999 | |c 1995 |d 1995 | ||
